[Event "Rajapalayam Ramco op"]
[Site "Rajapalayam"]
[Date "2019.11.30"]
[Round "1"]
[White "Harikrishnan, A Ra"]
[Black "Jagendran Kamak, N."]
[Result "1-0"]
[WhiteElo "2440"]
[BlackElo "1206"]
[PlyCount "97"]
[EventDate "2019.11.30"]
[EventType "swiss"]
[EventRounds "8"]
[EventCountry "IND"]
[SourceTitle "CBM 193 Extra"]
[Source "ChessBase"]
[SourceDate "2020.01.31"]
[SourceVersion "1"]
[SourceVersionDate "2020.01.31"]
[SourceQuality "1"]

1. e4 e5 2. Nf3 Nc6 3. Bc4 Bc5 4. c3 Nf6 5. d3 h6 6. Bb3 d6 7. h3 0-0 8. Nbd2 Be6 9. Bc2 d5 10. 0-0 dxe4 11. dxe4 Qe7 12. b4 Bd6 13. Re1 a6 14. Qe2 Rad8 15. Nc4 Bxc4 16. Qxc4 Nd7 17. Be3 Nb6 18. Qe2 a5 19. a3 axb4 20. axb4 Ra8 21. Bb3 Kh8 22. Nh2 Qf6 23. Ng4 Qg6 24. Qf3 Nd7 25. Rxa8 Rxa8 26. Bxf7 Qh7 27. Be6 Rf8 28. Qd1 Nf6 29. Nxf6 Rxf6 30. Bd5 Nd8 31. Qg4 Qg6 32. Qxg6 Rxg6 33. Ra1 c6 34. Ra8 Be7 35. Bc5 Bg5 36. Bf7 Kh7 37. Bxg6+ Kxg6 38. Bb6 Ne6 39. Rb8 Bd2 40. c4 Bxb4 41. Rxb7 c5 42. Bc7 Bc3 43. h4 Bd4 44. g3 Nxc7 45. Rxc7 Kh5 46. Kg2 g5 47. Rg7 g4 48. f3 gxf3+ 49. Kh3 1-0

[Event "Sivakasi op 4th"]
[Site "Sivakasi"]
[Date "2018.04.21"]
[Round "2"]
[White "Jagendran Kamak, N."]
[Black "Rajesh, VAV"]
[Result "0-1"]
[WhiteElo "1401"]
[BlackElo "2326"]
[PlyCount "92"]
[EventDate "2018.04.21"]
[EventType "swiss"]
[EventRounds "8"]
[EventCountry "IND"]
[SourceTitle "CBM 184 Extra"]
[Source "ChessBase"]
[SourceDate "2018.06.28"]
[SourceVersion "1"]
[SourceVersionDate "2018.06.28"]
[SourceQuality "1"]

1. e4 e5 2. Nf3 Nc6 3. Bc4 Bc5 4. Nc3 Nf6 5. 0-0 d6 6. h3 0-0 7. d3 h6 8. Be3 Bb6 9. Qd2 Be6 10. Bb3 Re8 11. Rfe1 Bxe3 12. fxe3 d5 13. exd5 Nxd5 14. Nxd5 Bxd5 15. Bxd5 Qxd5 16. e4 Qe6 17. Kh1 Rad8 18. Re3 Rd7 19. a3 Ne7 20. Qa5 Nc6 21. Qd2 a6 22. Rf1 Qe7 23. Qf2 Qf6 24. Nh4 Qxf2 25. Rxf2 Re6 26. Nf5 Kh7 27. Ref3 g6 28. Ne3 Kg7 29. Nd5 Nd4 30. Rf6 Nxc2 31. Rxe6 fxe6 32. Nf6 Rf7 33. Rxc2 Kxf6 34. Rf2+ Ke7 35. Rxf7+ Kxf7 36. Kh2 Ke7 37. Kg3 Kd6 38. Kf3 Kc5 39. Ke3 a5 40. Ke2 Kd4 41. Kd2 a4 42. g4 g5 43. Ke2 c5 44. Kd2 c4 45. dxc4 Kxc4 46. Ke3 Kb3 0-1